|
|
|
|
| LEADER |
00905cam a2200265 a 4500 |
| 001 |
13268090 |
| 003 |
BD-DhAAL |
| 005 |
20130725111259.0 |
| 008 |
130725s2002 bg b 001 0 eng |
| 010 |
|
|
|a 2003307917
|
| 020 |
|
|
|a 9844372895
|
| 040 |
|
|
|a DLC
|c DLC
|d BD-DhAAL
|
| 050 |
0 |
0 |
|a PN5449.B26
|b M35 2002
|
| 082 |
|
|
|2 22
|a 079.54920904
|
| 100 |
0 |
|
|a Māhaphuja Ullāha.
|9 2315
|
| 245 |
1 |
0 |
|a Press under Mujib regime /
|c Mahfuz Ullah.
|
| 260 |
|
|
|a Dhaka :
|b Kakali Prokashani,
|c 2002.
|
| 300 |
|
|
|a 236 p. ;
|c 22 cm.
|
| 504 |
|
|
|a Includes bibliographical references and index.
|
| 541 |
|
|
|e 27271
|
| 650 |
|
|
|a Press
|x History
|y 20th century.
|z Bangladesh
|9 2316
|
| 887 |
|
|
|2 Ayesha Abed Library
|
| 942 |
|
|
|2 ddc
|c BK
|
| 999 |
|
|
|c 13713
|d 13713
|
| 952 |
|
|
|0 0
|1 0
|2 ddc
|4 0
|6 079_549209040000000_MAH
|7 0
|9 22955
|a IGS
|b IGS
|c GEN
|d 2013-07-25
|e Paragon
|g 254.00
|l 0
|o 079.54920904 MAH
|p 3010027271
|r 2013-07-25
|t 1
|w 2013-07-25
|y BK
|